000 00331nam a22001337a 4500
008 180918b xxu||||| |||| 00| 0 eng d
020 _a0721672868
041 _aeng
080 _23 ED
_a610
100 _a6
101 _aANE
245 _aA Practice Of Anesthesia For Infants And Children
_cTodres.C
942 _2udc
_cBK
999 _c47962
_d47962